| 000 | 00972cam a2200301 i 4500 | ||
|---|---|---|---|
| 001 | 200454845 | ||
| 003 | TR-AnTOB | ||
| 005 | 20250718112250.0 | ||
| 007 | ta | ||
| 008 | 210121s2020 tu 000 0 tur d | ||
| 040 |
_aTR-AnTOB _beng _erda _cTR-AnTOB |
||
| 041 | 0 | _atur | |
| 050 | 1 | _aKKX3127 | |
| 090 |
_aKKX3127 _b.K336d 2020 |
||
| 100 | 1 |
_aKaboğlu, İbrahim Ö. _eauthor _981283 |
|
| 245 | 1 | 0 |
_aDoğal kaynakların planlanması : _b-ülkenin bölünmez güvenliği- / _cProf. Dr. İbrahim Ö. Kaboğlu. |
| 264 | 1 |
_aMuğla : _bMuğla Büyükşehir Belediyesi, _c2020. |
|
| 300 |
_a68 pages ; _c24 cm |
||
| 336 |
_2rdacontent _atext _btxt |
||
| 337 |
_2rdamedia _aunmediated _bn |
||
| 338 |
_2rdacarrier _avolume _bnc |
||
| 650 | 0 |
_9105917 _aÇevre hukuku |
|
| 650 | 7 |
_aMilli güvenlik _zGelişmekte olan ülkeler _2etuturkob _9107557 |
|
| 650 | 0 |
_aKamu yararı hukuku _zTürkiye _9121434 |
|
| 653 | _aKamu yararı | ||
| 942 |
_2lcc _cBK |
||
| 999 |
_c200454845 _d73057 |
||